| 000 | 00815nas a2200265 4500 | ||
|---|---|---|---|
| 001 | BR0304544 | ||
| 003 | BR-BrBNA | ||
| 005 | 20231205104046.0 | ||
| 007 | ta | ||
| 008 | 230509b bl.|||p| |||| 00| 00por d | ||
| 040 |
_aBR-BrBNA _bpor _cBiblioteca Nacional de Agricultura |
||
| 041 | _a(En) | ||
| 072 | _aP33 | ||
| 100 | 1 | _aMesquita, M. da G.B. de | |
| 100 | 1 | _aMoraes, S.O. | |
| 100 | 1 | _aCorrente, J.E. | |
| 245 | 1 | _aMore adequate probability distributions to represent the saturated soil hydraulic conductivity | |
| 650 | _aSOLO | ||
| 650 | _aCONDUTIVIDADE HIDRÁULICA | ||
| 650 | _aÁGUA DO SOLO | ||
| 650 | _aMOVIMENTO | ||
| 773 | 0 |
_tScientia Agrícola (Brazil) _xISSN 0103-9016 _g(Oct-Dec 2002), v. 59(4) p. 789-793 _wBR0304544 |
|
| 909 |
_a202311 _bLúcia _c55 _dLúcia Elande |
||
| 942 |
_2AGRIS _n0 _cANA |
||
| 999 |
_c176121 _d176121 |
||